| 000 | 00000nam 2200000zi 4500 |
| 001 | 9.920232 |
| 003 | CaOODSP |
| 005 | 20230504143602 |
| 006 | m o d f |
| 007 | cr mn||||||||| |
| 008 | 230217t20232023quc o f000 0 fre d |
| 020 | |a9780660476926 |
| 040 | |aCaOODSP|bfre|erda|cCaOODSP |
| 043 | |an-cn--- |
| 086 | 1 |aEn4-534/2023F-PDF |
| 245 | 00|aSystème de création et de suivi des crédits : |bguide d'utilisateur pour l'ouverture d'un compte de régime de crédits compensatoires des GES et l'inscription d'un premier projet. |
| 264 | 1|aGatineau (Québec) : |bEnvironnement et changement climatique Canada = Environment and Climate Change Canada, |c2023. |
| 264 | 4|c©2023 |
| 300 | |a1 ressource en ligne (47 pages) |
| 336 | |atexte|btxt|2rdacontent/fre |
| 337 | |ainformatique|bc|2rdamedia/fre |
| 338 | |aressource en ligne|bcr|2rdacarrier/fre |
| 500 | |aPublié aussi en anglais sous le titre : Credit and tracking system: GHG offset credit system account opening and first project registration user guide. |
| 500 | |a« Version 1.0. » |
| 650 | 6|aGaz carbonique|xRéduction|xPolitique gouvernementale|zCanada. |
| 650 | 6|aGaz à effet de serre|xRéduction|xPolitique gouvernementale|zCanada. |
| 710 | 1 |aCanada. |bEnvironnement et changement climatique Canada, |eorganisme de publication. |
| 775 | 08|tCredit and tracking system : |w(CaOODSP)9.920230 |
| 856 | 40|qPDF|s4.33 Mo|uhttps://publications.gc.ca/collections/collection_2023/eccc/en4/En4-534-2023-fra.pdf |
| 986 | |aEC22043 |